| 000 | 00484nam a2200145 a 4500 | ||
|---|---|---|---|
| 005 | 20140310183300.0 | ||
| 008 | 041126s19uu xx 00 eng d | ||
| 050 |
_aQM 27 _b.Il29 1993 |
||
| 245 |
_aThe illustrated dictionary of the human body / _ccontributors : Mal Sainsbury, Merilyn Holme. |
||
| 260 |
_aWiltshire, United Kingdom : _bMerlion, _c1993. |
||
| 300 |
_a160 p. : _bcol. : ill. ; _c29 cm |
||
| 650 |
_aScience _xPhysiology _xHuman body. |
||
| 942 |
_cBK _2lcc |
||
| 999 |
_c20951 _d20951 |
||